000
00273nam a22001337a 4500
003
SGT
082
_a
615.53
100
_a
DHYANI SHIVACHARAN
245
_a
NIDAN PACHAK
260
_a
VARANSI
_b
CHAUKHAMBHA PUB
_c
2014
300
_a
82
650
_a
AYURVEDA
942
_2
ddc
_c
BK
999
_c
11367
_d
11367